Al agua patos! / (Record no. 16318)

MARC details
000 -LEADER
fixed length control field 01090nam a2200337Ia 4500
001 - CONTROL NUMBER
control field 44733076
003 - CONTROL NUMBER IDENTIFIER
control field OCoLC
005 - DATE AND TIME OF LATEST TRANSACTION
control field 20161014144526.0
008 - FIXED-LENGTH DATA ELEMENTS--GENERAL INFORMATION
fixed length control field 000807s2000 okua j 000 1 spa d
020 ## - INTERNATIONAL STANDARD BOOK NUMBER
International Standard Book Number 0746038666
020 ## - INTERNATIONAL STANDARD BOOK NUMBER
International Standard Book Number 0746038674 (pbk.)
020 ## - INTERNATIONAL STANDARD BOOK NUMBER
International Standard Book Number 9780746038673 (pbk.)
040 ## - CATALOGING SOURCE
Original cataloging agency CS1
Transcribing agency CS1
Modifying agency BAKER
-- E3V
041 1# - LANGUAGE CODE
Language code of text/sound track or separate title spa
Language code of original eng
092 ## - LOCALLY ASSIGNED DEWEY CALL NUMBER (OCLC)
Classification number E
Item number Watt
092 ## - LOCALLY ASSIGNED DEWEY CALL NUMBER (OCLC)
Classification number E
Item number WAT
100 1# - MAIN ENTRY--PERSONAL NAME
Personal name Watt, Fiona.
245 10 - TITLE STATEMENT
Title Al agua patos! /
Statement of responsibility, etc. Fiona Watt ; ilustraciones, Rachel Wells ; traducci©đn, Helena Aixendri Boneu.
260 ## - PUBLICATION, DISTRIBUTION, ETC. (IMPRINT)
Place of publication, distribution, etc. [Tulsa, Okla. :
Name of publisher, distributor, etc. EDC] ;
Place of publication, distribution, etc. Londres :
Name of publisher, distributor, etc. Usborne,
Date of publication, distribution, etc. c2000.
300 ## - PHYSICAL DESCRIPTION
Extent [16] p. :
Other physical details col. ill. ;
Dimensions 21 cm.
490 1# - SERIES STATEMENT
Series statement El mundo del pequeñín.
500 ## - GENERAL NOTE
General note Translation of: Baby's bathtime.
520 ## - SUMMARY, ETC.
Summary, etc. It's bathtime! Baby and his dog Fido enjoy a wonderful bath before being tucked into bed.
650 #0 - SUBJECT ADDED ENTRY--TOPICAL TERM
Topical term or geographic name as entry element Baths
Form subdivision Fiction.
650 #0 - SUBJECT ADDED ENTRY--TOPICAL TERM
Topical term or geographic name as entry element Bedtime
Form subdivision Fiction.
700 1# - ADDED ENTRY--PERSONAL NAME
Personal name Wells, Rachel.
700 1# - ADDED ENTRY--PERSONAL NAME
Personal name Aixendri Boneu, Helena.
700 12 - ADDED ENTRY--PERSONAL NAME
Personal name Watt, Fiona.
Title of a work Baby's bathtime.
Language of a work Spanish.
830 #0 - SERIES ADDED ENTRY--UNIFORM TITLE
Uniform title Mundo del pequeñín.
942 ## - ADDED ENTRY ELEMENTS (KOHA)
Koha item type Libro/Book
Holdings
Withdrawn status Lost status Damaged status Not for loan Home library Current library Date acquired Inventory number Total Checkouts Barcode Date last seen Date checked out Price effective from Koha item type
        Sevadilla -- Satellite Sevadilla -- Satellite 14/10/2016 Inventory date: 7/7/25 2 35400804 22/11/2022 25/04/2022 14/10/2016 Libro/Book

Powered by Koha